BDE-Systeme zur Erfassung flexibler Arbeitszeiten. Leistungsmerkmale einer computergestützten Arbeitszeiterfassung. 1.

Zmeny v organizácii pracovného času a jeho evidencia. Pružný pracovný čas a jeho rôzne modely. Evidencia pracovného času pomocou systému evidencie podnikových dát. Softwarové zabezpečenie evidencie pružného pracovného času. Potreba štandardného softwaru. Ochrana dát. Nákladové hľadisko.

Gespeichert in:
Bibliographische Detailangaben
1. Verfasser: Vatteroth, H.Ch
Weitere Verfasser: Förster, F.
Format: Buchkapitel
Sprache:Deutsch
Schlagworte:
Tags: Tag hinzufügen
Keine Tags, Fügen Sie das erste Tag hinzu!

MARC

LEADER 00000naa a2200000 4500
001 r012716
005 20220826094733.7
041 0 |a ger 
044 |a DE 
245 1 0 |a BDE-Systeme zur Erfassung flexibler Arbeitszeiten.  |b Leistungsmerkmale einer computergestützten Arbeitszeiterfassung. 1.  |c H.Ch. Vatteroth, F. Förster 
520 |a Zmeny v organizácii pracovného času a jeho evidencia. Pružný pracovný čas a jeho rôzne modely. Evidencia pracovného času pomocou systému evidencie podnikových dát. Softwarové zabezpečenie evidencie pružného pracovného času. Potreba štandardného softwaru. Ochrana dát. Nákladové hľadisko. 
610 2 0 |a čas pracovný 
610 2 0 |a čas pracovný pohyblivý 
610 2 0 |a evidencia prvotná 
610 2 0 |a počítače 
610 2 0 |a softvér 
610 2 0 |a ochrana dát 
100 1 |a Vatteroth, H.Ch. 
700 1 |a Förster, F.